000
00176 a2200085 4500
020
_a
9780736866668
041
_a
spa
100
_a
schuh, Mari C.
245
_a
El grupo de las frutas
999
_c
12278
_d
12278